City by Observation Tower - Statistics

General Stats
  • This quiz has been taken 47 times
    9 since last reset
  • The average score is 12 of 24
Answer Stats
Picture Answer % Correct
Eiffel Tower (Paris)
100%
Washington Monument
100%
Oriental Pearl Tower (Shanghai)
89%
Space Needle (Seattle)
89%
CN Tower (Toronto)
78%
Sky Tower (Auckland)
67%
Berliner Fernsehturm
56%
Reunion Tower (Dallas)
56%
Tokyo Skytree (Tokyo)
56%
Çamlıca Tower (Istanbul)
44%
Canton Tower (Guangzhou)
44%
Milad Tower (Tehran)
44%
N Seoul Tower
44%
Sydney Tower Eye
44%
Kuwait Towers
33%
Lotus Tower (Colombo)
33%
Ostankino Tower (Moscow)
33%
Rhine Tower (Düsseldorf)
33%
The Strat (Las Vegas)
33%
Beijing Olympic Tower
22%
British Airways i360 (Brighton)
22%
Calgary Tower
22%
KL Tower (Kuala Lumpur)
22%
Tashkent Tower
22%
No matching quizzes found
Score Distribution
Percent of People with Each Score
Percentile by Number Answered
Your Score History
You have not taken this quiz since the last reset